Visualizzazione normale
Vista MARC
- Masseroni Enrico
di Personal Name
Records bibliografici associati: 1
001 - CONTROL NUMBER
- control field: 61769
003 - CONTROL NUMBER IDENTIFIER
- control field:
005 - DATE AND TIME OF LATEST TRANSACTION
- control field: 20250307132441.0
008 - FIXED-LENGTH DATA ELEMENTS
- fixed length control field: 250307|| aca||aabn | a|a d
040 ## - CATALOGING SOURCE
- Original cataloging agency:
- Transcribing agency:
100 ## - HEADING--PERSONAL NAME
- Personal name: Masseroni Enrico
670 ## - SOURCE DATA FOUND
- Source citation: Work cat.: ()206828: Masseroni Enrico, Annunciamo la "buona notizia" sulla famiglia., 1990